000 00651nam a2200241Ia 4500
003 OSt
005 20220923211842.0
006 a|||||r|||| 00| 0
007 ta
008 220922b |||||||| |||| 00| 0 san d
024 _a59,766
037 _cTextual
040 _aARTS
_cARTS
_bsan
041 _2san
_asan
082 _aQ2:43zxF10:2:9, 15L3
100 _aजीमूतवाहन
245 0 _aदायभाग
246 _aDāyabhāga
260 _c1973
490 _aMihinsa Dharmashastra text series( 5
942 _hQ2:43zxF10:2:9, 15L3
_cTEXL
_2CC
999 _c304116
_d304116